[Event "HUN-chT2 Erkel 1213"]
[Site "Hungary"]
[Date "2013.02.17"]
[Round "7.7"]
[White "Barta, Zoltan"]
[Black "Schlahetka, Gaspar"]
[Result "1-0"]
[WhiteElo "1905"]
[BlackElo "2215"]
[PlyCount "89"]
[EventDate "2012.09.16"]
[EventType "team-tourn"]
[EventRounds "11"]
[EventCountry "HUN"]
[SourceTitle "EXT 2014"]
[Source "ChessBase"]
[SourceDate "2013.11.20"]
[SourceVersion "1"]
[SourceVersionDate "2013.11.20"]
[SourceQuality "1"]
[WhiteTeam "Andornaktalya"]
[BlackTeam "Szigetszentmiklos"]
[WhiteTeamCountry "HUN"]
[BlackTeamCountry "HUN"]

1. c4 c5 2. Nc3 Nc6 3. g3 Nf6 4. Bg2 e6 5. e4 d6 6. Nge2 Be7 7. 0-0 a6 8. d3 Rb8 9. f4 Nd4 10. Nxd4 cxd4 11. Ne2 e5 12. a4 b5 13. axb5 axb5 14. b3 0-0 15. Bd2 bxc4 16. bxc4 Bg4 17. Ba5 Qd7 18. Qc2 Bxe2 19. Qxe2 Rb3 20. Qc2 Rfb8 21. Rfb1 Qb7 22. Rxb3 Qxb3 23. Qxb3 Rxb3 24. Bf1 Ng4 25. Bd2 Rb2 26. Rd1 f6 27. h3 Ne3 28. Bxe3 dxe3 29. Re1 Bd8 30. Re2 Bb6 31. Kg2 Rb1 32. Ra2 Kf7 33. Be2 Bc5 34. f5 g6 35. g4 Kg7 36. Kh2 Kh6 37. h4 gxf5 38. exf5 Bb4 39. Kg2 Be1 40. Kf3 Bd2 41. Ra6 Rh1 42. Rxd6 Rh2 43. g5+ Kh5 44. Rxf6 Rf2+ 45. Kg3+ 1-0

[Event "HUN-chT2 Maroczy 1011"]
[Site "Hungary"]
[Date "2011.03.27"]
[Round "7"]
[White "Schlahetka, Gaspar"]
[Black "Zalai, Mihaly"]
[Result "0-1"]
[WhiteElo "2270"]
[BlackElo "2133"]
[PlyCount "54"]
[EventDate "2010.09.12"]
[EventType "team-tourn"]
[EventRounds "11"]
[EventCountry "HUN"]
[SourceTitle "EXT 2012"]
[Source "ChessBase"]
[SourceDate "2011.11.24"]
[SourceVersion "1"]
[SourceVersionDate "2011.11.24"]
[SourceQuality "1"]
[WhiteTeam "Lila Futo"]
[BlackTeam "Oroshaza"]
[WhiteTeamCountry "HUN"]
[BlackTeamCountry "HUN"]

1. e4 c5 2. Nc3 Nc6 3. g3 g6 4. Bg2 Bg7 5. d3 d6 6. f4 e6 7. Nge2 Nge7 8. Be3 Nd4 9. Rb1 Nec6 10. 0-0 0-0 11. g4 Rb8 12. Ng3 b5 13. Nce2 Qa5 14. a3 Nxe2+ 15. Qxe2 Bd7 16. c3 b4 17. axb4 cxb4 18. Ra1 Qc7 19. d4 Na5 20. Rfc1 Nb3 21. cxb4 Nxc1 22. Rxc1 Qb6 23. e5 Qxb4 24. Rc2 Rfc8 25. Rxc8+ Bxc8 26. d5 dxe5 27. fxe5 Bxe5 0-1

[Event "HUN-chT2 Charousek 0910"]
[Site "Hungary"]
[Date "2009.12.06"]
[Round "3"]
[White "Szabo, Kristof"]
[Black "Schlahetka, Gaspar"]
[Result "1/2-1/2"]
[WhiteElo "1966"]
[BlackElo "2279"]
[PlyCount "68"]
[EventDate "2009.11.08"]
[EventType "team-tourn"]
[EventRounds "11"]
[EventCountry "HUN"]
[SourceTitle "EXT 2011"]
[Source "ChessBase"]
[SourceDate "2010.11.26"]
[SourceVersion "1"]
[SourceVersionDate "2010.11.26"]
[SourceQuality "1"]
[WhiteTeam "Hobagoly"]
[BlackTeam "Fehervar"]
[WhiteTeamCountry "HUN"]
[BlackTeamCountry "HUN"]

1. e4 Nf6 2. e5 Nd5 3. d4 d6 4. exd6 cxd6 5. Nf3 g6 6. Be2 Bg7 7. 0-0 0-0 8. c4 Nb6 9. Nc3 Nc6 10. Be3 Bg4 11. b3 e5 12. dxe5 Bxf3 13. Bxf3 Nxe5 14. Rc1 Rb8 15. Nd5 Nxd5 16. Qxd5 Nxf3+ 17. Qxf3 Qa5 18. Rc2 b5 19. Qd5 Qa6 20. Bf4 Rfd8 21. Bg5 Re8 22. Bf4 Be5 23. Be3 bxc4 24. Qxc4 Qb7 25. Qc6 d5 26. Qxb7 Rxb7 27. Rd2 Rd7 28. Bc5 Bc3 29. Rd3 d4 30. g3 Re5 31. b4 a5 32. a3 axb4 33. Bxb4 Bxb4 34. axb4 Red5 1/2-1/2

[Event "HUN-chT3"]
[Site "Hungary"]
[Date "1997.??.??"]
[Round "?"]
[White "Schlahetka, Gaspar"]
[Black "Pinter, Zoltan"]
[Result "1-0"]
[WhiteElo "2305"]
[BlackElo "2225"]
[PlyCount "102"]
[EventDate "1997.??.??"]
[EventType "team"]
[EventRounds "13"]
[EventCountry "HUN"]
[SourceTitle "EXT 2001"]
[Source "ChessBase"]
[SourceDate "2000.11.22"]
[SourceVersion "1"]
[SourceVersionDate "2000.11.22"]
[SourceQuality "1"]

1. e4 c5 2. Nc3 Nc6 3. g3 g6 4. Bg2 Bg7 5. d3 d6 6. f4 e6 7. Nf3 Nge7 8. Rb1 Rb8 9. Bd2 b5 10. 0-0 b4 11. Ne2 a5 12. g4 f5 13. h3 fxg4 14. hxg4 Nd4 15. Nfxd4 cxd4 16. Be1 d5 17. e5 g5 18. Nxd4 gxf4 19. Nf3 Ng6 20. Qe2 0-0 21. c4 Bb7 22. Rd1 dxc4 23. dxc4 Bxf3 24. Rxf3 Qg5 25. Rh3 Nxe5 26. Rh5 Qxg4 27. Qxg4 Nxg4 28. Rd7 Rf7 29. Rxf7 Kxf7 30. Rxa5 Bd4+ 31. Kh1 Rg8 32. Rb5 Ne3 33. Rb7+ Kf6 34. Bf3 Nxc4 35. Bh4+ Ke5 36. Rb5+ Kd6 37. Rxb4 Kc5 38. Be7+ Nd6 39. Bxd6+ Kxd6 40. Rxd4+ Kc5 41. Rxf4 Rb8 42. b3 e5 43. Rc4+ Kd6 44. Rc6+ Kd7 45. Rh6 Rf8 46. Kg2 Rg8+ 47. Kf2 Rf8 48. Ke3 Rf4 49. a4 Rb4 50. Bd5 Rd4 51. Bc4 Rd1 1-0